书目信息 |
| 题名: |
细胞生物技术实验指南
|
|
| 作者: | 刁勇 , 许瑞安 主编 | |
| 分册: | ||
| 出版信息: | 北京 化学工业出版社 2009.1 |
|
| 页数: | 415页 | |
| 开本: | 26cm | |
| 丛书名: | 生物实验室系列 | |
| 单 册: | ||
| 中图分类: | Q2-33 | |
| 科图分类: | ||
| 主题词: | 细胞生物学--实验 , 细胞生物学 | |
| 电子资源: | ||
| ISBN: | 978-7-122-03476-2 | |
| 000 | 01085oam2 2200289 45 | |
| 001 | 1356782687 | |
| 005 | 20130515094932.56 | |
| 010 | @a978-7-122-03476-2@dCNY89.00 | |
| 100 | @a20130108d2009 em y0chiy0120 ea | |
| 101 | 0 | @achi |
| 102 | @aCN@b110000 | |
| 105 | @ay z 000yy | |
| 106 | @ar | |
| 200 | 1 | @a细胞生物技术实验指南@AXi Bao Sheng Wu Ji Shu Shi Yan Zhi Nan@dProtocols of cellular and molecular biotechnology@f刁勇,许瑞安主编@FDiao Yong, Xu Rui An Zhu Bian@zeng |
| 210 | @a北京@c化学工业出版社@d2009.1 | |
| 215 | @a415页@d26cm | |
| 225 | 2 | @a生物实验室系列 |
| 330 | @a本书着重精选细胞工程和生物技术领域常用的技术方法和实验方案,介绍常规细胞培养技术和问题解决指南,同时提供特殊细胞(如干细胞和神经细胞等)的分离、纯化和培养手段。 | |
| 461 | 0 | @12001 @a 生物实验室系列 |
| 510 | 1 | @aProtocols of cellular and molecular biotechnology@zeng |
| 606 | 0 | @a细胞生物学@x实验 |
| 606 | 0 | @a细胞生物学 |
| 690 | @aQ2-33@v5 | |
| 701 | 0 | @a刁勇@ADiao Yong@4主编 |
| 701 | 0 | @a许瑞安@AXu Rui An@4主编 |
| 801 | @aCN@bTANGWEI@c20130108 | |
| 905 | @b0829246-50@dQ2-33@e40@f5 | |
| 细胞生物技术实验指南=Protocols of cellular and molecular biotechnology/刁勇,许瑞安主编.-北京:化学工业出版社,2009.1 |
| 415页;26cm.-(生物实验室系列) |
| ISBN 978-7-122-03476-2:CNY89.00 |
| 本书着重精选细胞工程和生物技术领域常用的技术方法和实验方案,介绍常规细胞培养技术和问题解决指南,同时提供特殊细胞(如干细胞和神经细胞等)的分离、纯化和培养手段。 |
| ● |
| 相关链接 |
|
|
|
|
正题名:细胞生物技术实验指南
索取号:Q2-33/40
 
预约/预借
| 序号 | 登录号 | 条形码 | 馆藏地/架位号 | 状态 | 备注 |
| 1 | 0829246 | 208292462 | 第二样本阅览室/ [索取号:Q2-33/40] | 在馆 | |
| 2 | 0829247 | 208292471 | 第三借阅区/ [索取号:Q2-33/40] | 在馆 | |
| 3 | 0829248 | 208292480 | 第三借阅区/ [索取号:Q2-33/40] | 在馆 | |
| 4 | 0829249 | 208292499 | 第三借阅区/ [索取号:Q2-33/40] | 在馆 | |
| 5 | 0829250 | 208292505 | 第三借阅区/ [索取号:Q2-33/40] | 在馆 |